[Event "ICS rated blitz match"]
[Site "204.178.125.65"]
[Date "2000.11.26"]
[Round "?"]
[White "fog"]
[Black "Hossa"]
[Result "0-1"]
[WhiteElo "2401"]
[BlackElo "2594"]
[PlyCount "86"]
[EventDate "2000.??.??"]

1. c4 e5 2. Nc3 Nf6 3. d3 Bc5 4. g3 Nc6 5. Bg2 O-O 6. e3 d6 7. Nge2 Bf5 8. h3
Nb4 9. e4 Bd7 10. a3 Nc6 11. b4 Bb6 12. O-O Qc8 13. Kh2 Nd4 14. Ra2 Nxe2 15.
Rxe2 c6 16. f4 Bd4 17. Bd2 exf4 18. gxf4 Qd8 19. Bf3 Ne8 20. f5 Qe7 21. Kh1 a5
22. Rg2 axb4 23. axb4 Nc7 24. Ne2 Ra1 25. Qxa1 Bxa1 26. Rxa1 d5 27. Bc3 g6 28.
Nf4 Qh4 29. Be5 dxe4 30. dxe4 Na6 31. Rf1 Qe7 32. Bc3 Nxb4 33. Nh5 f6 34. fxg6
Bxh3 35. gxh7+ Kxh7 36. Rfg1 Bxg2+ 37. Rxg2 Nd3 38. Bg4 b5 39. Bf5+ Kh8 40.
Nxf6 Rxf6 41. Rg6 Ne5 42. Rxf6 Qxf6 43. cxb5 Qh4+ {fog resigns} 0-1

[Event "ICS rated blitz match"]
[Site "204.178.125.65"]
[Date "2000.11.26"]
[Round "?"]
[White "Hossa"]
[Black "fog"]
[Result "1-0"]
[WhiteElo "2602"]
[BlackElo "2393"]
[PlyCount "73"]
[EventDate "2000.??.??"]

1. d4 c5 2. e4 e6 3. d5 Nf6 4. Nc3 e5 5. f4 d6 6. fxe5 dxe5 7. Nf3 Bd6 8. Bb5+
Nbd7 9. O-O O-O 10. Bg5 h6 11. Bh4 a6 12. Be2 Re8 13. Nd2 g5 14. Bf2 Nf8 15.
Nc4 Ng6 16. a4 Nf4 17. Nxd6 Qxd6 18. a5 Bd7 19. Bf3 Kg7 20. Na4 Bxa4 21. Rxa4
h5 22. Rc4 Rac8 23. Qd2 g4 24. Bd1 Nd7 25. Bg3 Ng6 26. Be2 f6 27. Rc3 c4 28.
Bxc4 Qc5+ 29. Bf2 Qxa5 30. Be3 b5 31. Bd3 Rxc3 32. bxc3 Rc8 33. Qf2 Qxc3 34.
Qf5 Rc7 35. Qxh5 Ndf8 36. Bh6+ Kg8 37. Rxf6 {fog resigns} 1-0

[Event "ICS rated blitz match"]
[Site "204.178.125.65"]
[Date "2000.11.26"]
[Round "?"]
[White "Hossa"]
[Black "CXSP"]
[Result "1-0"]
[WhiteElo "2613"]
[BlackElo "2274"]
[PlyCount "20"]
[EventDate "2000.??.??"]

1. d4 Nf6 2. c4 c5 3. Nf3 g6 4. dxc5 Qa5+ 5. Nc3 Qxc5 6. e3 Bg7 7. Bd3 O-O 8.
O-O a6 9. e4 d6 10. Be3 Bg4 {CXSP resigns} 1-0

[Event "ICS rated blitz match"]
[Site "204.178.125.65"]
[Date "2000.11.26"]
[Round "?"]
[White "Hossa"]
[Black "PabloZelig"]
[Result "1/2-1/2"]
[WhiteElo "2601"]
[BlackElo "2084"]
[PlyCount "153"]
[EventDate "2000.??.??"]

1. e4 c5 2. Nf3 Nc6 3. d4 cxd4 4. Nxd4 Nf6 5. Nxc6 bxc6 6. Nc3 d6 7. Bc4 e5 8.
Qd3 Be7 9. O-O O-O 10. Rd1 Qc7 11. Bg5 Rd8 12. a3 h6 13. Bh4 Nh5 14. Bxe7 Qxe7
15. Qf3 Nf4 16. Ne2 Nxe2+ 17. Bxe2 Be6 18. Qc3 Rac8 19. Qg3 Qg5 20. Qxg5 hxg5
21. g3 g6 22. Rd3 d5 23. exd5 cxd5 24. Rd2 Kg7 25. Re1 d4 26. c3 dxc3 27. Rxd8
Rxd8 28. bxc3 Rc8 29. Rc1 Bc4 30. Kf1 Kf6 31. Bxc4 Rxc4 32. Ke2 e4 33. Kd2 Ra4
34. Ra1 Ke5 35. h3 f5 36. Kc2 Ra6 37. a4 f4 38. a5 Rc6 39. Kb3 e3 40. fxe3 fxe3
41. Kc2 Ke4 42. g4 Rf6 43. c4 Rf2+ 44. Kc3 Kf3 45. c5 e2 46. Kd2 Rh2 47. c6
Rxh3 48. c7 Rh8 49. Ra3+ Kf2 50. Re3 Rc8 51. Rxe2+ Kg3 52. Re7 Kxg4 53. Rf7 Kh5
54. Ke3 g4 55. Kf4 g5+ 56. Kf5 Kh6 57. Kxg4 Kg6 58. Rd7 Kf6 59. Rh7 Ke6 60.
Kxg5 Kd6 61. Rh2 Rxc7 62. Kf4 Rc5 63. Ra2 Kc6 64. Ke4 Kb5 65. a6 Rc6 66. Ra1
Rxa6 67. Rc1 Ra4+ 68. Kd3 Rb4 69. Kc3 a5 70. Rd1 Rc4+ 71. Kb3 Rb4+ 72. Ka2 a4
73. Rb1 Rxb1 74. Kxb1 a3 75. Kc1 a2 76. Kb2 a1=Q+ 77. Kxa1 {
Game drawn because neither player has mating material} 1/2-1/2

[Event "ICS rated blitz match"]
[Site "204.178.125.65"]
[Date "2000.11.26"]
[Round "?"]
[White "PabloZelig"]
[Black "Hossa"]
[Result "0-1"]
[WhiteElo "2089"]
[BlackElo "2587"]
[PlyCount "60"]
[EventDate "2000.??.??"]

1. d4 Nf6 2. c4 g6 3. Nc3 d5 4. cxd5 Nxd5 5. e4 Nxc3 6. bxc3 Bg7 7. Bc4 c5 8.
Ne2 Nc6 9. Be3 O-O 10. Rc1 cxd4 11. cxd4 Qa5+ 12. Kf1 Qa3 13. Qb3 Qxb3 14. Bxb3
Bd7 15. f4 Rfc8 16. Kf2 Na5 17. h3 Nxb3 18. axb3 f5 19. e5 Be6 20. Rhd1 Bxb3
21. Rxc8+ Rxc8 22. Rb1 Bd5 23. Rb2 b6 24. Nc1 h5 25. Nd3 e6 26. Nb4 Be4 27. g3
Bf8 28. Bd2 Be7 29. Ke3 a5 30. Na6 Bd8 {PabloZelig resigns} 0-1

[Event "ICS rated blitz match"]
[Site "204.178.125.65"]
[Date "2000.11.26"]
[Round "?"]
[White "Hossa"]
[Black "MrXYZ2"]
[Result "1-0"]
[WhiteElo "2589"]
[BlackElo "2571"]
[PlyCount "49"]
[EventDate "2000.??.??"]

1. d4 e6 2. Nf3 d5 3. Bg5 Be7 4. Bxe7 Qxe7 5. c3 Nf6 6. e3 O-O 7. Bd3 c5 8. O-O
Nc6 9. Nbd2 e5 10. dxe5 Nxe5 11. Nxe5 Qxe5 12. Nf3 Qe7 13. Qe2 Bg4 14. Rad1
Rad8 15. c4 dxc4 16. Bxc4 b6 17. Rfe1 h6 18. h3 Bh5 19. Bd3 Bxf3 20. Qxf3 Rd7
21. Bf5 Rxd1 22. Rxd1 Rd8 23. Bd3 Rd6 24. Qa8+ Rd8 25. Qxd8+ {MrXYZ2 resigns}
1-0

[Event "ICS rated blitz match"]
[Site "204.178.125.65"]
[Date "2000.11.26"]
[Round "?"]
[White "MrXYZ2"]
[Black "Hossa"]
[Result "0-1"]
[WhiteElo "2556"]
[BlackElo "2604"]
[PlyCount "74"]
[EventDate "2000.??.??"]

1. e4 c5 2. c3 d5 3. exd5 Qxd5 4. d4 Nf6 5. Nf3 e6 6. Be2 Nc6 7. O-O cxd4 8.
cxd4 Be7 9. Nc3 Qd6 10. Nb5 Qb8 11. g3 Nd5 12. Bc4 a6 13. Bxd5 axb5 14. Be4 O-O
15. Qc2 Nb4 16. Bxh7+ Kh8 17. Qb1 Rxa2 18. Rxa2 Nxa2 19. Bf4 Bd6 20. Bxd6 Qxd6
21. Bd3 Nb4 22. Bxb5 Qd5 23. Be2 Kg8 24. Qc1 Qe4 25. Qe3 Qf5 26. Qf4 Qxf4 27.
gxf4 Nd5 28. f5 exf5 29. Bc4 Be6 30. Ng5 Nf4 31. Nxe6 fxe6 32. Re1 Kf7 33. f3
Rc8 34. b3 g5 35. Rd1 Kf6 36. d5 exd5 37. Bf1 Rc3 {MrXYZ2 resigns} 0-1

[Event "ICS rated blitz match"]
[Site "204.178.125.65"]
[Date "2000.11.26"]
[Round "?"]
[White "Hossa"]
[Black "MrXYZ2"]
[Result "1-0"]
[WhiteElo "2618"]
[BlackElo "2542"]
[PlyCount "109"]
[EventDate "2000.??.??"]

1. d4 e6 2. Nf3 d5 3. Bg5 Be7 4. Bxe7 Qxe7 5. c3 Nf6 6. e3 O-O 7. Bd3 c5 8. O-O
Nc6 9. Nbd2 e5 10. dxe5 Nxe5 11. Nxe5 Qxe5 12. Nf3 Qe7 13. Qe2 Bd7 14. c4 Bc6
15. cxd5 Nxd5 16. Bb5 Bxb5 17. Qxb5 b6 18. Rfd1 Rfd8 19. Qc4 Nf6 20. Qf4 h6 21.
Nd2 Nd5 22. Qf3 Nb4 23. Nc4 Rxd1+ 24. Rxd1 Rd8 25. a3 Rxd1+ 26. Qxd1 Nc6 27.
Nd6 Qd7 28. Qd5 Nd8 29. f4 Ne6 30. f5 Nc7 31. Qe5 Kf8 32. f6 gxf6 33. Qxf6 Qe6
34. Qxe6 fxe6 35. Kf2 b5 36. Nb7 c4 37. Nd8 Ke7 38. Nc6+ Kd6 39. Nxa7 Kc5 40.
Nc8 b4 41. axb4+ Kxb4 42. Nd6 Kb3 43. Kf3 Ne8 44. Nxe8 Kxb2 45. Nd6 c3 46. Nc4+
Kb3 47. Ne5 c2 48. Nd3 Kc3 49. Ke2 e5 50. e4 Kd4 51. Kd2 Kxe4 52. Kxc2 Ke3 53.
Nxe5 Kf2 54. g4 Kg2 55. h4 {MrXYZ2 resigns} 1-0

[Event "ICS Rated standard match"]
[Site "204.178.125.65"]
[Date "2000.11.26"]
[Round "?"]
[White "NimzoX"]
[Black "Hossa"]
[Result "1-0"]
[WhiteElo "2341"]
[BlackElo "2306"]
[PlyCount "119"]
[EventDate "2000.??.??"]

1. c4 e5 2. Nc3 Nf6 3. Nf3 Nc6 4. g3 Bb4 5. Bg2 O-O 6. O-O Re8 7. Nd5 Nxd5 8.
cxd5 Nd4 9. Ne1 d6 10. e3 Nf5 11. d4 e4 12. Qa4 a5 13. Nc2 Bd7 14. Qb3 Bb5 15.
a3 Qd7 16. axb4 a4 17. Qa2 Bxf1 18. Bxf1 Ne7 19. b5 Qf5 20. Nb4 Nc8 21. b3 Nb6
22. Qc2 axb3 23. Rxa8 Nxa8 24. Qxb3 Nb6 25. Bd2 Qg4 26. Qc2 Re7 27. Be1 Qd7 28.
Be2 Re8 29. Bc3 Qe7 30. Bb2 Ra8 31. Bg4 g6 32. Be2 f5 33. Qc3 Na4 34. Qa3 g5
35. Bc1 Nb6 36. Qc3 Qd7 37. Qc2 Ra4 38. Na2 Ra8 39. Nc3 Rf8 40. g4 Rf7 41. h3
c6 42. bxc6 bxc6 43. Qb3 Qc7 44. Ba3 fxg4 45. Bxg4 Nxd5 46. Nxe4 Qb7 47. Qc2
Rg7 48. Be6+ Kh8 49. Bxd6 g4 50. Be5 h6 51. Nd6 Qb4 52. Nf7+ Kg8 53. Ng5+ Kf8
54. Bxg7+ Ke7 55. Bf8+ Kd8 56. Bxb4 Kc7 57. Bxd5 hxg5 58. Qxc6+ Kd8 59. Be6
gxh3 60. Qc8# {Hossa checkmated} 1-0

[Event "ICS rated blitz match"]
[Site "204.178.125.65"]
[Date "2000.11.26"]
[Round "?"]
[White "Hossa"]
[Black "PostModernist"]
[Result "1-0"]
[WhiteElo "2631"]
[BlackElo "2541"]
[PlyCount "120"]
[EventDate "2000.??.??"]

1. d4 Nf6 2. Bf4 d5 3. e3 c5 4. c3 Nc6 5. Nf3 Qb6 6. b3 Bg4 7. h3 Bxf3 8. Qxf3
e6 9. Bd3 cxd4 10. exd4 Nxd4 11. cxd4 Qxd4 12. O-O Qxa1 13. Nc3 Qxc3 14. Bb5+
Qc6 15. Qe2 a6 16. Bxc6+ bxc6 17. Qe5 Bb4 18. Rc1 O-O 19. Rxc6 Rfc8 20. Rxc8+
Rxc8 21. Qe2 Rc6 22. f3 Nh5 23. Bb8 g5 24. g4 Ng7 25. Be5 Be7 26. Bd4 f6 27.
Be3 e5 28. Qd3 d4 29. Qe4 Re6 30. Bf2 Rd6 31. Be1 d3 32. Qc4+ Kf8 33. Bd2 h5
34. a3 hxg4 35. hxg4 Ke8 36. Qg8+ Bf8 37. Kf2 a5 38. Ke3 Ne6 39. Bxa5 Nf4 40.
Kd2 Nd5 41. Qg6+ Ke7 42. Qh7+ Ke8 43. Kxd3 Nf4+ 44. Kc2 Rd5 45. Qe4 Kf7 46. Bd2
Rd4 47. Qb7+ Be7 48. Be3 Rd8 49. Bxf4 gxf4 50. a4 Rd4 51. a5 e4 52. fxe4 f3 53.
e5 f2 54. Qf3 Rxg4 55. e6+ Kf8 56. a6 f1=R 57. Qxf1 Rg5 58. a7 Ra5 59. Qh1 Bd8
60. Qb7 Rxa7 {PostModernist resigns} 1-0

[Event "ICS rated blitz match"]
[Site "204.178.125.65"]
[Date "2000.11.26"]
[Round "?"]
[White "PostModernist"]
[Black "Hossa"]
[Result "1/2-1/2"]
[WhiteElo "2529"]
[BlackElo "2643"]
[PlyCount "162"]
[EventDate "2000.??.??"]

1. d4 Nf6 2. c4 g6 3. Nc3 d5 4. Bf4 Bg7 5. e3 O-O 6. Nf3 c6 7. Qc2 Bf5 8. Qb3
b6 9. cxd5 cxd5 10. Bb5 a6 11. Bxb8 Qxb8 12. Bc6 Ra7 13. Nxd5 Nxd5 14. Bxd5 e6
15. Bc4 Be4 16. Be2 Rc8 17. O-O Bf8 18. Rfc1 Rxc1+ 19. Rxc1 Bd6 20. g3 b5 21.
Qd1 Rc7 22. Nd2 Bc6 23. Bf3 Bxf3 24. Nxf3 Rd7 25. e4 Qb7 26. Qe2 a5 27. g4 Rd8
28. g5 Qb8 29. e5 Bc7 30. a3 Qb7 31. Rc5 Rb8 32. b4 axb4 33. axb4 Bd8 34. Rc3
Be7 35. Rb3 Ra8 36. Qd2 Ra4 37. Qc3 Bxb4 38. Rxb4 Rxb4 39. Qxb4 Qxf3 40. Qxb5
Qg4+ 41. Kh1 Qxd4 42. Qe2 Qf4 43. Qe3 Qxe3 44. fxe3 Kg7 45. Kg2 h6 46. Kf3 h5
47. h3 Kf8 48. Ke4 Ke8 49. Kd4 h4 50. Kc5 Kd7 51. Kb6 Ke7 52. Kc7 Ke8 53. e4
Ke7 54. Kc8 Ke8 55. Kb7 Kd7 56. Kb6 Kc8 57. Kc6 Kd8 58. Kd6 Ke8 59. Kc5 Kf8 60.
Kd4 Ke7 61. Ke3 Kd7 62. Kd3 Kc6 63. Kc4 Kb6 64. Kd4 Kb5 65. Kd3 Ka5 66. Kc3 Kb5
67. Kd3 Ka5 68. Kc4 Kb6 69. Kd3 Kb7 70. Ke3 Kb6 71. Kd3 Kb7 72. Ke2 Kb8 73. Kf3
Kc7 74. Kg4 Kc6 75. Kxh4 Kc5 76. Kg4 Kc4 77. Kf4 Kd3 78. Kf3 Kd4 79. Kf4 Kd3
80. Kf3 Kd4 81. Kf4 Kd3 {Game drawn by repetition} 1/2-1/2

[Event "ICS rated blitz match"]
[Site "204.178.125.65"]
[Date "2000.11.27"]
[Round "?"]
[White "LOGISTIC"]
[Black "Hossa"]
[Result "0-1"]
[WhiteElo "1970"]
[BlackElo "2638"]
[PlyCount "22"]
[EventDate "2000.??.??"]

1. e4 c5 2. Nf3 d6 3. d3 Nc6 4. Nbd2 Nf6 5. g3 d5 6. e5 Nd7 7. Qe2 Qc7 8. Bg2
Ndxe5 9. Nxe5 Nd4 10. Qd1 Qxe5+ 11. Kf1 Bf5 {LOGISTIC resigns} 0-1

[Event "ICS rated blitz match"]
[Site "204.178.125.65"]
[Date "2000.11.27"]
[Round "?"]
[White "LOGISTIC"]
[Black "Hossa"]
[Result "0-1"]
[WhiteElo "1968"]
[BlackElo "2640"]
[PlyCount "34"]
[EventDate "2000.??.??"]

1. d4 Nf6 2. c4 g6 3. Nc3 d5 4. cxd5 Nxd5 5. Nf3 Bg7 6. e4 Nxc3 7. bxc3 c5 8.
Be2 Nc6 9. Be3 Bg4 10. e5 cxd4 11. cxd4 Qa5+ 12. Bd2 Qd5 13. O-O Bxf3 14. Bxf3
Qxd4 15. Qc2 O-O 16. Bc3 Qc5 17. Qb2 Nxe5 {LOGISTIC resigns} 0-1

[Event "ICS rated blitz match"]
[Site "204.178.125.65"]
[Date "2000.11.27"]
[Round "?"]
[White "Hossa"]
[Black "Motoman"]
[Result "1-0"]
[WhiteElo "2641"]
[BlackElo "2022"]
[PlyCount "53"]
[EventDate "2000.??.??"]

1. e4 c6 2. d4 d5 3. Nc3 dxe4 4. Nxe4 Bf5 5. Ng3 Bg6 6. h4 h6 7. Nf3 Nd7 8. Bd3
Bxd3 9. Qxd3 Qc7 10. Bd2 e6 11. O-O-O Ngf6 12. Kb1 Bd6 13. Ne4 Nxe4 14. Qxe4
Nf6 15. Qe3 O-O-O 16. Qb3 Kb8 17. Qa4 Ka8 18. Ba5 b6 19. Bd2 Kb7 20. Be3 c5 21.
dxc5 Bxc5 22. Bf4 Qc6 23. Qxc6+ Kxc6 24. Ne5+ Kb7 25. Nxf7 Rxd1+ 26. Rxd1 Rf8
27. Nd8+ {Motoman resigns} 1-0

[Event "ICS rated blitz match"]
[Site "204.178.125.65"]
[Date "2000.11.27"]
[Round "?"]
[White "PostModernist"]
[Black "Hossa"]
[Result "1-0"]
[WhiteElo "2539"]
[BlackElo "2643"]
[PlyCount "127"]
[EventDate "2000.??.??"]

1. e4 c5 2. c3 d5 3. exd5 Qxd5 4. d4 Nf6 5. Nf3 e6 6. Bd3 Be7 7. O-O O-O 8. c4
Qd7 9. dxc5 Rd8 10. Ne5 Qd4 11. Qe2 Bxc5 12. Nd2 Nc6 13. Ndf3 Qd6 14. Nxc6 Qxd3
15. Qxd3 Rxd3 16. Nfe5 Rd6 17. b4 Bxf2+ 18. Rxf2 bxc6 19. Be3 Bb7 20. Raf1 Nd7
21. Nxf7 Rd3 22. Bxa7 Ra3 23. Bd4 Rxa2 24. Nd6 Rxf2 25. Rxf2 Bc8 26. Bb2 e5 27.
b5 Nc5 28. bxc6 Be6 29. Bxe5 Nd3 30. Re2 Kf8 31. Bc3 Ke7 32. Nb5 Nf4 33. Re4 g5
34. h4 Ra2 35. hxg5 Ne2+ 36. Kh2 Nxc3 37. Nxc3 Rc2 38. c7 Kd7 39. Rxe6 Kxc7 40.
Nd5+ Kb7 41. Re7+ Kc6 42. Rxh7 Kd6 43. g6 Rxc4 44. g7 Rg4 45. Nf4 Ke5 46. Kh3
Rxg7 47. Rxg7 Kd4 48. Kg4 Kc4 49. Kf3 Kd4 50. Rc7 Ke5 51. Rc6 Kd4 52. Rc5 Kxc5
53. g4 Kd4 54. g5 Ke5 55. g6 Kf6 56. Kg4 Kg7 57. Kf5 Kf8 58. Ne6+ Kg8 59. g7
Kf7 60. Ke5 Kg8 61. Kf6 Kh7 62. Kf7 Kh6 63. g8=Q Kh5 64. Qg5# {Hossa checkmated
} 1-0

[Event "ICS rated bullet match"]
[Site "204.178.125.65"]
[Date "2000.11.27"]
[Round "?"]
[White "DrsP"]
[Black "Hossa"]
[Result "0-1"]
[WhiteElo "2107"]
[BlackElo "2618"]
[PlyCount "86"]
[EventDate "2000.??.??"]

1. e4 c5 2. d3 e6 3. Nc3 d5 4. g3 d4 5. Nce2 Nc6 6. Bg2 Nf6 7. f4 Be7 8. Nf3
O-O 9. O-O Ng4 10. Bh3 Ne3 11. Bxe3 dxe3 12. c3 Qb6 13. Qc2 Bd7 14. c4 Bf6 15.
Rab1 Nb4 16. Qb3 Rad8 17. a3 Nd5 18. Qxb6 Nxb6 19. e5 Be7 20. b3 Na8 21. Nc3
Bc6 22. Ne4 Rxd3 23. Neg5 e2 24. Rfe1 Bxf3 25. Nxf3 Rxf3 26. Kg2 Rf1 27. Rxf1
exf1=Q+ 28. Rxf1 Rd8 29. Bg4 Rd3 30. Rd1 Rxb3 31. Rd7 Kf8 32. h4 Ke8 33. Rd2
Nb6 34. Bf3 Nxc4 35. Re2 Nxa3 36. Kf2 Nb5 37. g4 Bxh4+ 38. Kg2 Nd4 39. Re1 Bxe1
40. g5 Rxf3 41. Kh2 Rg3 42. g6 Nf3+ 43. Kh1 Rg1# {DrsP checkmated} 0-1

[Event "ICS rated bullet match"]
[Site "204.178.125.65"]
[Date "2000.11.27"]
[Round "?"]
[White "Hossa"]
[Black "DrsP"]
[Result "1-0"]
[WhiteElo "2620"]
[BlackElo "2105"]
[PlyCount "89"]
[EventDate "2000.??.??"]

1. d4 d5 2. Nf3 c6 3. c4 Nf6 4. Nc3 dxc4 5. a4 Bg4 6. e3 e6 7. Bxc4 Nbd7 8. h3
Bh5 9. g4 Bg6 10. Nh4 Be7 11. Nxg6 hxg6 12. a5 Nd5 13. e4 Nxc3 14. bxc3 Nf6 15.
Bd3 Qc7 16. Be3 O-O 17. g5 Nd7 18. Qg4 c5 19. Qf4 Qxf4 20. Bxf4 cxd4 21. cxd4
f6 22. Bb5 Rfd8 23. Bc7 Rdc8 24. Bxd7 Rxc7 25. Bxe6+ Kf8 26. Ke2 fxg5 27. Rac1
Rxc1 28. Rxc1 Rd8 29. Bd5 Bd6 30. Bxb7 Rb8 31. Bd5 Rb2+ 32. Kf3 Rd2 33. Rc8+
Ke7 34. Ra8 a6 35. Ra7+ Kd8 36. Rxa6 Rxd4 37. Rxd6+ Ke7 38. Rxg6 Ra4 39. Rxg5
Kd6 40. Rxg7 Rxa5 41. Rg6+ Ke5 42. Rg5+ Kd4 43. Kg4 Ra3 44. f4 Ra2 45. Bxa2 {
DrsP resigns} 1-0

[Event "ICS rated blitz match"]
[Site "204.178.125.65"]
[Date "2000.11.27"]
[Round "?"]
[White "Hossa"]
[Black "PostModernist"]
[Result "0-1"]
[WhiteElo "2622"]
[BlackElo "2565"]
[PlyCount "208"]
[EventDate "2000.??.??"]

1. d4 Nf6 2. Bf4 g6 3. Nd2 Bg7 4. e3 O-O 5. Bd3 Nh5 6. Bg5 d5 7. c3 Nc6 8. Ngf3
h6 9. Bh4 Qd6 10. O-O Be6 11. Nb3 Bg4 12. h3 Bxf3 13. Qxf3 e5 14. Bb5 Ne7 15.
dxe5 Bxe5 16. Bd3 c6 17. g3 a5 18. Rfe1 a4 19. Nd4 Nf6 20. Bxf6 Qxf6 21. Qxf6
Bxf6 22. a3 Rfe8 23. Nf3 b5 24. Nh2 h5 25. Nf3 Kg7 26. Kh2 g5 27. g4 Rh8 28.
Rg1 h4 29. Rae1 Rhd8 30. Re2 Re8 31. Rd2 Rad8 32. Ra1 Ng6 33. Rad1 Ne5 34. Nd4
Nxd3 35. Nf5+ Kf8 36. Rxd3 Be5+ 37. Kg2 Bd6 38. f3 Bc5 39. Kf1 Bb6 40. Re1 Re6
41. Rd2 Rde8 42. Rde2 Kg8 43. Kg2 Kh8 44. Kf2 Kh7 45. Kg1 Ba7 46. Kg2 Bc5 47.
Kf1 Bb6 48. e4 dxe4 49. Rxe4 Bc5 50. R4e2 Kg6 51. Rxe6+ Rxe6 52. Re2 Kf6 53.
Rd2 Re8 54. Rd7 Kg6 55. Rc7 Re6 56. Rc8 Kf6 57. Rd8 Be3 58. Rh8 Bc1 59. Nd4 Kg7
60. Rc8 Rf6 61. Nf5+ Kh7 62. f4 gxf4 63. Nxh4 Bxb2 64. g5 Re6 65. Rc7 Kg8 66.
Rc8+ Kg7 67. Nf5+ Kg6 68. Nd4 Rd6 69. Nxc6 Bxa3 70. c4 bxc4 71. Ne5+ Kf5 72.
Nxc4 Rd1+ 73. Ke2 Rc1 74. h4 Bb2 75. Kd2 a3 76. Rc5+ Kg4 77. h5 Kxh5 78. Rc8
Kh4 79. Rc6 f3 80. Ke3 Kg3 81. Rc7 f2 82. Rxf7 Re1+ 83. Kd3 a2 84. Nxb2 a1=Q
85. Nc4 f1=Q+ 86. Rxf1 Qd1+ 87. Kc3 Qc1+ 88. Kb4 Qxc4+ 89. Kxc4 Rxf1 90. g6 Rg1
91. g7 Kf4 92. g8=Q Rxg8 93. Kd5 Rg5+ 94. Ke6 Re5+ 95. Kd7 Rd5+ 96. Ke6 Rd4 97.
Kf6 Re4 98. Kg6 Re6+ 99. Kh7 Rf6 100. Kh8 Rg6 101. Kh7 Kf5 102. Kh8 Kf6 103.
Kh7 Kf7 104. Kh8 Rh6# {Hossa checkmated} 0-1

[Event "ICS rated blitz match"]
[Site "204.178.125.65"]
[Date "2000.11.27"]
[Round "?"]
[White "Hossa"]
[Black "Valg"]
[Result "0-1"]
[WhiteElo "2605"]
[BlackElo "2761"]
[PlyCount "196"]
[EventDate "2000.??.??"]

1. d4 d5 2. Nf3 Nf6 3. e3 e6 4. Bd3 c5 5. O-O Nc6 6. c3 Bd6 7. dxc5 Bxc5 8. b4
Bd6 9. Ba3 Qe7 10. Qa4 O-O 11. b5 Nb8 12. c4 Nbd7 13. cxd5 Nxd5 14. Bxd6 Qxd6
15. Qh4 f5 16. Rd1 Ne5 17. Nxe5 Qxe5 18. Nd2 Nc3 19. Nf3 Qd5 20. Rd2 Qd8 21.
Qc4 Qf6 22. Nd4 Ne4 23. Bxe4 fxe4 24. Rad1 Qe5 25. Nb3 b6 26. Qc6 Rb8 27. Rd8
Bb7 28. Rxf8+ Kxf8 29. Qd7 Bd5 30. Qxa7 Qd6 31. Rd2 Kg8 32. Na1 Rc8 33. Rc2 Ra8
34. Qc7 Qb4 35. Rc1 Qxb5 36. a3 Qb2 37. a4 h6 38. Rd1 Rxa4 39. Qc8+ Kh7 40. Qc1
Qxc1 41. Rxc1 b5 42. g4 Kg6 43. Nc2 Rc4 44. h4 b4 45. Rb1 Rxc2 46. Rxb4 h5 47.
Kg2 hxg4 48. Rb8 e5 49. Kg3 Be6 50. Re8 Kf6 51. Rf8+ Bf7 52. Kg2 g6 53. Kg3 Rd2
54. Rc8 g5 55. Rc6+ Kf5 56. hxg5 Kxg5 57. Rc7 Be6 58. Rg7+ Kf5 59. Rh7 Bc4 60.
Rh5+ Kf6 61. Rh6+ Kg5 62. Rh8 Bf7 63. Rh7 Kg6 64. Rh4 Be6 65. Rh8 Ra2 66. Re8
Ra6 67. Kh4 Rd6 68. Kg3 Rc6 69. Kh4 Ra6 70. Kg3 Kf5 71. Rf8+ Kg5 72. Re8 Rc6
73. Re7 Kf6 74. Rh7 Kg6 75. Re7 Rb6 76. Kh4 Rd6 77. Re8 Kf7 78. Rh8 Rd1 79. Kg5
Rd2 80. Rh7+ Kf8 81. Kf6 Bg8 82. Rh5 Rxf2+ 83. Kxe5 g3 84. Kxe4 g2 85. Rg5 Be6
86. Kd3 Ke7 87. e4 Bh3 88. e5 Rf5 89. Rg7+ Ke6 90. Rg6+ Kxe5 91. Rg8 Rf1 92.
Kc3 g1=Q 93. Re8+ Be6 94. Rxe6+ Kxe6 95. Kd3 Kd5 96. Kc3 Rb1 97. Kd3 Rb2 98.
Kc3 Qd4# {Hossa checkmated} 0-1

[Event "ICS Rated standard match"]
[Site "204.178.125.65"]
[Date "2000.11.27"]
[Round "?"]
[White "Hossa"]
[Black "Valg"]
[Result "0-1"]
[WhiteElo "2303"]
[BlackElo "2419"]
[PlyCount "114"]
[EventDate "2000.??.??"]

1. e4 e5 2. Bc4 Nf6 3. d3 Nc6 4. Nc3 Bb4 5. Bg5 h6 6. Bxf6 Bxc3+ 7. bxc3 Qxf6
8. Ne2 d6 9. O-O Be6 10. Bxe6 Qxe6 11. f4 O-O-O 12. fxe5 Nxe5 13. Qb1 Qg4 14.
Ng3 h5 15. Nf5 h4 16. h3 Qg5 17. Qb3 g6 18. Nd4 Rd7 19. Rab1 c6 20. Qa4 a6 21.
Kh1 Re8 22. Qb3 c5 23. Nf3 Nxf3 24. Rxf3 f5 25. exf5 gxf5 26. Rg1 Re2 27. Qd5
Qd2 28. Rxf5 Qxc2 29. c4 Rd2 30. Qg8+ Kc7 31. Rh5 Qxd3 32. Rh8 Kb6 33. Qc8 Rc7
34. Qd8 Rxa2 35. Rf8 Qh7 36. Qxd6+ Ka7 37. Qd8 Qe7 38. Qa8+ Kb6 39. Rb1+ Ka5
40. Rf4 Qg5 41. Rg4 Qf5 42. Rg1 Rd7 43. Rxh4 Rxg2 44. Ra1+ Kb4 45. Qb8 Rdg7 46.
Qxb7+ Rxb7 47. Kxg2 Rg7+ 48. Rg4 Qe4+ 49. Kg3 Qe5+ 50. Kf3 Rf7+ 51. Kg2 Qxa1
52. Kh2 Qe5+ 53. Kg1 Rf3 54. Rg2 Qe3+ 55. Kh1 Rxh3+ 56. Rh2 Qe1+ 57. Kg2 Rg3# {
Hossa checkmated} 0-1

[Event "ICS rated blitz match"]
[Site "204.178.125.65"]
[Date "2000.11.27"]
[Round "?"]
[White "Valg"]
[Black "Hossa"]
[Result "1-0"]
[WhiteElo "2770"]
[BlackElo "2596"]
[PlyCount "127"]
[EventDate "2000.??.??"]

1. e4 e5 2. Nf3 Nf6 3. Nxe5 d6 4. Nf3 Nxe4 5. d4 d5 6. Bd3 Be7 7. O-O Nc6 8.
Re1 Nd6 9. Bf4 Nb4 10. Qe2 Nxd3 11. cxd3 Be6 12. Nc3 c6 13. Na4 Nf5 14. g4 Nd6
15. Nc5 O-O 16. Nxe6 fxe6 17. Qxe6+ Kh8 18. Bg3 Re8 19. Ne5 Qc8 20. Qxc8 Nxc8
21. Re3 Kg8 22. Nd7 Kf7 23. Rae1 h6 24. Nc5 b5 25. Na6 Rh8 26. Nc7 Rb8 27. Nxd5
Rb7 28. Rf3+ Kg8 29. Nxe7+ Nxe7 30. Re6 Rd7 31. Kg2 a5 32. Bd6 Nd5 33. Rf8+ Kh7
34. Rxh8+ Kxh8 35. Be5 Nb4 36. a3 Nxd3 37. Rxh6+ Kg8 38. Rxc6 Rf7 39. Bg3 Rd7
40. Rd6 Rxd6 41. Bxd6 Nxb2 42. Kf3 Kf7 43. Ke4 Nc4 44. Bc5 Nd2+ 45. Kd5 Nf3 46.
h4 Nxh4 47. Kc6 b4 48. axb4 axb4 49. Bxb4 Nf3 50. Bc3 Ng1 51. d5 Nf3 52. d6 Ng5
53. f4 Ne4 54. d7 Nxc3 55. d8=Q Ne2 56. Qd5+ Kf8 57. g5 g6 58. f5 Nf4 59. Qd6+
Kg8 60. Qxf4 gxf5 61. Qc7 Kf8 62. g6 Kg8 63. Qf7+ Kh8 64. Qf8# {
Hossa checkmated} 1-0

[Event "ICS rated blitz match"]
[Site "204.178.125.65"]
[Date "2000.11.27"]
[Round "?"]
[White "Valg"]
[Black "Hossa"]
[Result "1-0"]
[WhiteElo "2789"]
[BlackElo "2587"]
[PlyCount "137"]
[EventDate "2000.??.??"]

1. e4 e5 2. Nf3 Nf6 3. Nxe5 d6 4. Nf3 Nxe4 5. d4 d5 6. Bd3 Be7 7. O-O Nc6 8.
Re1 f5 9. c4 Nb4 10. cxd5 Nxd3 11. Qxd3 O-O 12. Nc3 Nd6 13. Ne5 Bh4 14. Bf4 a6
15. Re2 Bf6 16. Rae1 g5 17. Qg3 Kh8 18. Bd2 f4 19. Qf3 Bf5 20. Na4 Nb5 21. Bc3
b6 22. h3 a5 23. b3 Qc8 24. Bb2 Qd8 25. Nc6 Qd7 26. Rd2 Rae8 27. Ne5 Qd8 28.
Rde2 Re7 29. Nc6 Rxe2 30. Rxe2 Qd7 31. Ne5 Qd6 32. Bc3 Na3 33. Nb2 Nb5 34. Nbc4
Qd8 35. Bb2 Qa8 36. a4 Nd6 37. Ba3 Qd8 38. Nc6 Qd7 39. Bxd6 cxd6 40. Nxb6 Qg7
41. Re1 g4 42. Qxf4 gxh3 43. g3 h2+ 44. Kxh2 Bc2 45. Qd2 Qb7 46. Qxa5 Bxb3 47.
Qb4 Bc2 48. Qxd6 Qf7 49. Ne5 Bxe5 50. Qxe5+ Kg8 51. Qe6 Qxe6 52. dxe6 Rxf2+ 53.
Kg1 Rf8 54. d5 Rd8 55. e7 Re8 56. d6 Bf5 57. Re5 Bh3 58. Kh2 Bg4 59. Rg5+ Kf7
60. Rxg4 Rb8 61. Re4 Re8 62. Rf4+ Kg7 63. d7 Rxe7 64. d8=Q Re2+ 65. Kh3 h6 66.
Qf8+ Kh7 67. Rf7+ Kg6 68. Qg7+ Kh5 69. Rf5# {Hossa checkmated} 1-0